[Event "IND-ch Rapid"]
[Site "Mahilong"]
[Date "2025.03.20"]
[Round "3"]
[White "Abhishek, Das"]
[Black "Pranesh, Munirethinam"]
[Result "0-1"]
[WhiteElo "2059"]
[BlackElo "2508"]
[PlyCount "94"]
[EventDate "2025.03.20"]
[EventType "tourn (rapid)"]
[EventRounds "11"]
[EventCountry "IND"]
[SourceTitle "CB13_2025"]
[SourceDate "2025.03.26"]
[SourceVersion "1"]
[SourceVersionDate "2025.03.26"]
[SourceQuality "1"]

1. e4 c5 2. Nf3 Nc6 3. d4 cxd4 4. Nxd4 Nf6 5. Nc3 e6 6. Ndb5 Bc5 7. Nd6+ Ke7 8. Bf4 e5 9. Nf5+ Kf8 10. Be3 Bb4 11. Bg5 h6 12. Bxf6 Qxf6 13. Ne3 Bxc3+ 14. bxc3 d6 15. Bc4 g6 16. 0-0 Kg7 17. Rb1 Rb8 18. Nd5 Qg5 19. f4 exf4 20. Rxf4 Be6 21. Rf2 Ne5 22. Qd4 Rhc8 23. Bb3 b6 24. Rbf1 Rb7 25. Nf4 Bc4 26. Nd3 Qe7 27. Bxc4 Rxc4 28. Rxf7+ Qxf7 29. Rxf7+ Rxf7 30. Qxd6 Rxe4 31. h3 Nc4 32. Qd5 Rfe7 33. Nf2 Rf4 34. Nd3 Ne3 35. Qd6 Rf1+ 36. Kh2 Nf5 37. Qd5 h5 38. Ne5 Rf2 39. Nd3 Rd2 40. c4 h4 41. c5 bxc5 42. Qxc5 Rd1 43. Qc4 Rf1 44. Qg4 Re3 45. Qc4 Re2 46. Nf4 Ree1 47. Ne6+ Kh6 0-1

[Event "Monsaraz Rapid op"]
[Site "Monsaraz"]
[Date "2023.11.25"]
[Round "3"]
[White "Abhishek, Das"]
[Black "Mitrabha, Guha"]
[Result "0-1"]
[WhiteElo "2258"]
[BlackElo "2516"]
[PlyCount "88"]
[EventDate "2023.11.25"]
[EventType "swiss (rapid)"]
[EventRounds "9"]
[EventCountry "POR"]
[SourceTitle "CBM 217 Extra"]
[Source "ChessBase"]
[SourceDate "2024.01.31"]
[SourceVersion "1"]
[SourceVersionDate "2024.01.31"]
[SourceQuality "1"]

1. e4 c6 2. d4 d5 3. exd5 cxd5 4. c4 Nf6 5. Nc3 Nc6 6. Nf3 Be6 7. c5 g6 8. Qa4 Bg7 9. Ne5 Bd7 10. Nxd7 Qxd7 11. Bb5 0-0 12. 0-0 Ne8 13. Bf4 a6 14. Bxc6 bxc6 15. Rfe1 Nc7 16. Qd1 Rab8 17. Na4 Rb4 18. Be3 Nb5 19. a3 Rxd4 20. Bxd4 Bxd4 21. Qd2 e5 22. Rac1 Qf5 23. Nb6 Nc7 24. b4 Ne6 25. Qc2 Qg5 26. g3 Rd8 27. Kh1 Qh5 28. Qe2 Qf5 29. Kg2 e4 30. Rcd1 Bg7 31. f3 Qg5 32. Qd2 Qxd2+ 33. Rxd2 Bc3 34. Rde2 Bxe1 35. Rxe1 f5 36. fxe4 fxe4 37. Rf1 Kg7 38. a4 Nd4 39. Rd1 Nc2 40. Rb1 e3 41. b5 axb5 42. axb5 Nd4 43. Re1 Nxb5 44. Rxe3 d4 0-1

[Event "Monsaraz Rapid op"]
[Site "Monsaraz"]
[Date "2023.11.25"]
[Round "7"]
[White "Abhishek, Das"]
[Black "Santos, Antonio Pereira"]
[Result "1-0"]
[WhiteElo "2258"]
[BlackElo "2195"]
[PlyCount "85"]
[EventDate "2023.11.25"]
[EventType "swiss (rapid)"]
[EventRounds "9"]
[EventCountry "POR"]
[SourceTitle "CBM 217 Extra"]
[Source "ChessBase"]
[SourceDate "2024.01.31"]
[SourceVersion "1"]
[SourceVersionDate "2024.01.31"]
[SourceQuality "1"]

1. e4 c5 2. Nc3 Nc6 3. Bb5 e6 4. Bxc6 bxc6 5. f4 d6 6. Nf3 Nf6 7. 0-0 Be7 8. d3 Ba6 9. e5 Nd5 10. Ne4 c4 11. dxc4 Bxc4 12. b3 Bxf1 13. Qxf1 dxe5 14. Nxe5 0-0 15. c4 Nf6 16. Nxf6+ Bxf6 17. Bb2 Qb6+ 18. Kh1 Rad8 19. Qe2 Qa5 20. Nxc6 Qd2 21. Qxd2 Rxd2 22. Bxf6 gxf6 23. h3 a6 24. b4 Rf2 25. f5 exf5 26. b5 axb5 27. cxb5 Re8 28. Rb1 Rxa2 29. b6 Ra6 30. Kh2 Kg7 31. Rb5 Kg6 32. Nb4 Raa8 33. b7 Rab8 34. Nc6 h5 35. Nxb8 Rxb8 36. Kg3 Kg7 37. Kf4 Kf8 38. h4 Ke7 39. Kxf5 Kd6 40. Kxf6 Kc6 41. Rb3 Kd7 42. Kxf7 Kc7 43. g3 1-0

[Event "Monsaraz Rapid op"]
[Site "Monsaraz"]
[Date "2023.11.25"]
[Round "4"]
[White "De Kaey, Pascal"]
[Black "Abhishek, Das"]
[Result "0-1"]
[WhiteElo "1938"]
[BlackElo "2258"]
[PlyCount "50"]
[EventDate "2023.11.25"]
[EventType "swiss (rapid)"]
[EventRounds "9"]
[EventCountry "POR"]
[SourceTitle "CBM 217 Extra"]
[Source "ChessBase"]
[SourceDate "2024.01.31"]
[SourceVersion "1"]
[SourceVersionDate "2024.01.31"]
[SourceQuality "1"]

1. e4 c5 2. c3 g6 3. d4 d5 4. exd5 Qxd5 5. Nf3 Nc6 6. Na3 cxd4 7. Nb5 Qd8 8. Bf4 e5 9. Nxe5 Nxe5 10. Bxe5 f6 11. Nc7+ Kf7 12. Bc4+ Kg7 13. Qxd4 Qe7 14. Nxa8 b5 15. Bxg8 fxe5 16. Qe3 Kxg8 17. 0-0 Qb7 18. Qxe5 Qxa8 19. Rad1 Bf5 20. Qxb5 Be7 21. Rfe1 Qf8 22. Qd5+ Kg7 23. Qe5+ Bf6 24. Qc7+ Qf7 25. Qxa7 Qxa7 0-1

[Event "Monsaraz Rapid op"]
[Site "Monsaraz"]
[Date "2023.11.25"]
[Round "2"]
[White "Patil, Priyanshu"]
[Black "Abhishek, Das"]
[Result "0-1"]
[WhiteElo "1838"]
[BlackElo "2258"]
[PlyCount "72"]
[EventDate "2023.11.25"]
[EventType "swiss (rapid)"]
[EventRounds "9"]
[EventCountry "POR"]
[SourceTitle "CBM 217 Extra"]
[Source "ChessBase"]
[SourceDate "2024.01.31"]
[SourceVersion "1"]
[SourceVersionDate "2024.01.31"]
[SourceQuality "1"]

1. e4 c5 2. Nc3 Nc6 3. Bb5 Nd4 4. Nf3 a6 5. Bd3 Nc6 6. 0-0 g6 7. Re1 e5 8. a4 Bg7 9. Bc4 d6 10. Nd5 Nge7 11. c3 0-0 12. d3 h6 13. Be3 Rb8 14. d4 b5 15. axb5 axb5 16. Nxe7+ Nxe7 17. Be2 exd4 18. cxd4 c4 19. Qd2 d5 20. Bxh6 dxe4 21. Bxg7 Kxg7 22. Ng5 Bb7 23. d5 Qxd5 24. Qc3+ f6 25. Nxe4 Qxe4 26. Bf3 Nd5 27. Bxe4 Nxc3 28. Bxb7 Na4 29. Bd5 Nxb2 30. Ra7+ Kh6 31. Ree7 Rfe8 32. Rh7+ Kg5 33. g3 c3 34. Bb3 Re2 35. Rac7 b4 36. Rh4 Rb5 0-1

[Event "Monsaraz op"]
[Site "Monsaraz"]
[Date "2023.11.21"]
[Round "1"]
[White "Corte Real, Carlos Alberto Mor"]
[Black "Abhishek, Das"]
[Result "0-1"]
[WhiteElo "1632"]
[BlackElo "2258"]
[PlyCount "56"]
[EventDate "2023.11.21"]
[EventType "swiss"]
[EventRounds "9"]
[EventCountry "POR"]
[SourceTitle "CBM 217 Extra"]
[Source "ChessBase"]
[SourceDate "2024.01.31"]
[SourceVersion "1"]
[SourceVersionDate "2024.01.31"]
[SourceQuality "1"]

1. e4 c5 2. Nf3 Nc6 3. d4 cxd4 4. Nxd4 Nf6 5. Nc3 e5 6. Ndb5 d6 7. Bg5 a6 8. Na3 b5 9. Nd5 Be7 10. Bxf6 Bxf6 11. c3 Ne7 12. Nc2 Nxd5 13. Qxd5 Rb8 14. Qc6+ Kf8 15. 0-0-0 Be7 16. Qd5 Be6 17. Qd3 Bxa2 18. f4 Qa5 19. Nb4 Bb3 20. Re1 Rc8 21. Nd5 exf4 22. Nxe7 Kxe7 23. e5 Qa1+ 24. Qb1 Rxc3+ 25. Kd2 Qxb1 26. Rxb1 Rc2+ 27. Kd3 dxe5 28. Ra1 f5 0-1

[Event "Titled Tuesday intern op 15th Nov Early"]
[Site "Chess.com INT"]
[Date "2022.11.15"]
[Round "8"]
[White "Abhishek, Das"]
[Black "Dos Santos, Lucas Aparecido"]
[Result "1-0"]
[WhiteElo "2258"]
[BlackElo "2072"]
[PlyCount "69"]
[EventDate "2022.11.15"]
[EventType "swiss (blitz)"]
[EventRounds "11"]
[EventCountry "USA"]
[SourceTitle "CBM 211 Extra"]
[Source "ChessBase"]
[SourceDate "2023.01.31"]
[SourceVersion "1"]
[SourceVersionDate "2023.01.31"]
[SourceQuality "1"]

1. e4 c5 2. Nc3 Nc6 3. Bb5 Nd4 4. Bc4 g6 5. Nf3 Bg7 6. Nxd4 cxd4 7. Qf3 e6 8. Nb5 d6 9. Qa3 Bf8 10. Nxd4 a6 11. Qf3 b5 12. Bb3 Qb6 13. Ne2 Bb7 14. d4 f5 15. d5 Nf6 16. exf5 exf5 17. Be3 Qa5+ 18. c3 Bg7 19. 0-0 0-0 20. Nf4 Rae8 21. Bd4 Qc7 22. Rfe1 g5 23. Ne6 Rxe6 24. Rxe6 Ne4 25. Bxg7 Qxg7 26. Re1 g4 27. Qf4 Ng5 28. Re7 Rf7 29. Re8+ Rf8 30. R1e7 Rxe8 31. Rxg7+ Kxg7 32. Qxg5+ Kf7 33. Qxf5+ Kg7 34. Qxg4+ Kh8 35. h4 1-0

[Event "Titled Tuesday intern op 15th Nov Early"]
[Site "Chess.com INT"]
[Date "2022.11.15"]
[Round "4"]
[White "Palencia Morales, Wilson Guillermo"]
[Black "Abhishek, Das"]
[Result "1-0"]
[WhiteElo "2260"]
[BlackElo "2258"]
[PlyCount "41"]
[EventDate "2022.11.15"]
[EventType "swiss (blitz)"]
[EventRounds "11"]
[EventCountry "USA"]
[SourceTitle "CBM 211 Extra"]
[Source "ChessBase"]
[SourceDate "2023.01.31"]
[SourceVersion "1"]
[SourceVersionDate "2023.01.31"]
[SourceQuality "1"]

1. d4 d5 2. c4 c6 3. Nf3 Nf6 4. Nc3 g6 5. Bg5 Bg7 6. cxd5 Nxd5 7. e4 Nxc3 8. bxc3 0-0 9. Be2 c5 10. 0-0 cxd4 11. cxd4 Nc6 12. d5 Ne5 13. Nd4 h6 14. Be3 g5 15. Rc1 Bd7 16. Qb3 b6 17. Rfd1 Rc8 18. Nc6 Qe8 19. Nxa7 Ra8 20. Qxb6 Bf5 21. exf5 1-0

[Event "Titled Tuesday intern op 15th Nov Early"]
[Site "Chess.com INT"]
[Date "2022.11.15"]
[Round "9"]
[White "Sarkar, Justin"]
[Black "Abhishek, Das"]
[Result "1/2-1/2"]
[WhiteElo "2350"]
[BlackElo "2258"]
[PlyCount "49"]
[EventDate "2022.11.15"]
[EventType "swiss (blitz)"]
[EventRounds "11"]
[EventCountry "USA"]
[SourceTitle "CBM 211 Extra"]
[Source "ChessBase"]
[SourceDate "2023.01.31"]
[SourceVersion "1"]
[SourceVersionDate "2023.01.31"]
[SourceQuality "1"]

1. d4 d5 2. c4 c6 3. Nf3 Nf6 4. Nc3 g6 5. Qb3 Bg7 6. cxd5 cxd5 7. Bg5 e6 8. e3 0-0 9. Bd3 b6 10. Ne5 Ba6 11. Bxa6 Nxa6 12. 0-0 h6 13. Bxf6 Bxf6 14. f4 Nc7 15. Rac1 Ne8 16. Qc2 Nd6 17. Qd3 a6 18. g3 b5 19. h4 h5 20. Nxg6 fxg6 21. Qxg6+ Kh8 22. Qh6+ Kg8 23. Qg6+ Kh8 24. Qh6+ Kg8 25. Qg6+ 1/2-1/2

[Event "Sabadell op 11th"]
[Site "Sabadell"]
[Date "2018.09.06"]
[Round "6"]
[White "Abhishek, Das"]
[Black "Gomez Jurado, Luis Alberto"]
[Result "1/2-1/2"]
[WhiteElo "2312"]
[BlackElo "2235"]
[PlyCount "76"]
[EventDate "2018.09.01"]
[EventType "swiss"]
[EventRounds "9"]
[EventCountry "ESP"]
[SourceTitle "EXT 2019"]
[Source "ChessBase"]
[SourceDate "2018.10.10"]
[SourceVersion "1"]
[SourceVersionDate "2018.10.10"]
[SourceQuality "1"]

1. e4 c6 2. d4 d5 3. exd5 cxd5 4. c4 Nf6 5. Nc3 Nc6 6. Nf3 Bg4 7. cxd5 Nxd5 8. Qb3 Bxf3 9. gxf3 e6 10. Qxb7 Nxd4 11. Bb5+ Nxb5 12. Qc6+ Ke7 13. Qxb5 Qd7 14. Nxd5+ exd5 15. Qd3 f6 16. Be3 Kf7 17. 0-0-0 Rd8 18. Rhg1 g6 19. Rg4 Bg7 20. Rd4 Ke6 21. Kb1 f5 22. Qa6+ Qd6 23. Ra4 d4 24. Bxd4 Bxd4 25. Rdxd4 Qxa6 26. Rxa6+ Ke5 27. Rxd8 Rxd8 28. Rxa7 Kf4 29. Ra3 Rd1+ 30. Kc2 Rf1 31. Ra4+ Kxf3 32. b4 Rxf2+ 33. Kc3 Ke4 34. b5+ Kd5 35. Rd4+ Kc5 36. a4 Rf3+ 37. Rd3 Rxd3+ 38. Kxd3 g5 1/2-1/2

[Event "Barbera del Valles op 41st"]
[Site "Barbera del Valles"]
[Date "2018.07.05"]
[Round "2"]
[White "Abhishek, Das"]
[Black "Munoz Pantoja, Miguel Angel"]
[Result "1/2-1/2"]
[WhiteElo "2325"]
[BlackElo "2500"]
[PlyCount "29"]
[EventDate "2018.07.04"]
[EventType "swiss"]
[EventRounds "9"]
[EventCountry "ESP"]
[SourceTitle "CBM 185 Extra"]
[Source "ChessBase"]
[SourceDate "2018.07.29"]
[SourceVersion "1"]
[SourceVersionDate "2018.07.29"]
[SourceQuality "1"]

1. e4 c5 2. Nc3 Nc6 3. Bb5 Nd4 4. Bc4 e6 5. Nge2 Nf6 6. 0-0 Be7 7. e5 Ng4 8. f4 d5 9. Nxd4 dxc4 10. Qxg4 Qxd4+ 11. Kh1 0-0 12. Qf3 f6 13. exf6 Rxf6 14. Ne2 Qd5 15. Nc3 1/2-1/2

[Event "Badalona op 43rd"]
[Site "Badalona"]
[Date "2017.08.06"]
[Round "5"]
[White "Gonzalez Garcia, Jose"]
[Black "Abhishek, Das"]
[Result "1/2-1/2"]
[WhiteElo "2513"]
[BlackElo "2314"]
[PlyCount "55"]
[EventDate "2017.08.02"]
[EventType "swiss"]
[EventRounds "9"]
[EventCountry "ESP"]
[SourceTitle "CBM 179 Extra"]
[Source "ChessBase"]
[SourceDate "2017.08.23"]
[SourceVersion "1"]
[SourceVersionDate "2017.08.23"]
[SourceQuality "1"]

1. d4 d5 2. c4 c6 3. Nf3 Nf6 4. cxd5 cxd5 5. Nc3 Nc6 6. Bf4 Bf5 7. e3 e6 8. Qb3 Bb4 9. Bb5 0-0 10. Bxc6 Bxc3+ 11. Qxc3 Rc8 12. Ne5 Ng4 13. Nxg4 Bxg4 14. Qb4 Rxc6 15. Qxb7 Qc8 16. Qxc8 Rfxc8 17. 0-0 Be2 18. Rfe1 Rc2 19. b3 Rb2 20. Rec1 Rxc1+ 21. Rxc1 h6 22. h4 Rxa2 23. Rc8+ Kh7 24. Rc7 Kg8 25. Rc8+ Kh7 26. Rc7 Kg6 27. f3 h5 28. Rc8 1/2-1/2

[Event "Badalona op 43rd"]
[Site "Badalona"]
[Date "2017.08.05"]
[Round "4"]
[White "Abhishek, Das"]
[Black "Vera Siguenas, Deivy Anthoni"]
[Result "1/2-1/2"]
[WhiteElo "2314"]
[BlackElo "2525"]
[PlyCount "74"]
[EventDate "2017.08.02"]
[EventType "swiss"]
[EventRounds "9"]
[EventCountry "ESP"]
[SourceTitle "CBM 179 Extra"]
[Source "ChessBase"]
[SourceDate "2017.08.23"]
[SourceVersion "1"]
[SourceVersionDate "2017.08.23"]
[SourceQuality "1"]

1. e4 c6 2. d4 d5 3. exd5 cxd5 4. c4 Nf6 5. Nc3 Nc6 6. Nf3 Bg4 7. cxd5 Nxd5 8. Qb3 Bxf3 9. gxf3 e6 10. Qxb7 Nxd4 11. Bb5+ Nxb5 12. Qc6+ Ke7 13. Qxb5 Qd7 14. Nxd5+ Qxd5 15. Qxd5 exd5 16. 0-0 Ke6 17. Re1+ Kf5 18. Rd1 Rd8 19. Be3 Rd7 20. Rac1 Be7 21. b3 Rb8 22. Rc6 Rb4 23. Ra6 d4 24. a3 Rxb3 25. Rxd4 Rxd4 26. Bxd4 Bxa3 27. Rxa7 Kg6 28. Kg2 f6 29. Be3 Bd6 30. Rd7 Bf8 31. h3 h6 32. Ra7 Rb5 33. Rc7 Kf5 34. Rf7 Rb8 35. Rc7 Rb5 36. Rf7 Rb8 37. Rc7 Ke5 1/2-1/2

[Event "Sitges op 43rd"]
[Site "Sitges"]
[Date "2017.07.29"]
[Round "8"]
[White "Von Bahr, Oskar"]
[Black "Abhishek, Das"]
[Result "1-0"]
[WhiteElo "2423"]
[BlackElo "2274"]
[PlyCount "69"]
[EventDate "2017.07.22"]
[EventType "swiss"]
[EventRounds "9"]
[EventCountry "ESP"]
[SourceTitle "CBM 179 Extra"]
[Source "ChessBase"]
[SourceDate "2017.08.23"]
[SourceVersion "1"]
[SourceVersionDate "2017.08.23"]
[SourceQuality "1"]

1. e4 c5 2. Nf3 Nc6 3. Bb5 g6 4. Bxc6 dxc6 5. d3 Bg7 6. h3 Nf6 7. Nc3 0-0 8. 0-0 b6 9. a4 a5 10. Bf4 Ne8 11. Qd2 Nc7 12. Bh6 Ne6 13. Bxg7 Kxg7 14. Ne2 Qc7 15. Rae1 Ba6 16. Nh2 Rad8 17. b3 Bc8 18. f4 f5 19. exf5 Rxf5 20. Ng4 Nd4 21. Nxd4 cxd4 22. Re4 c5 23. Rfe1 Re8 24. R1e2 Bb7 25. Re5 Rxe5 26. fxe5 Rf8 27. Qh6+ Kg8 28. Nf6+ exf6 29. exf6 Bc6 30. Re7 Qxe7 31. fxe7 Rf5 32. Qh4 Be8 33. g4 Rf3 34. Qg5 Bc6 35. Qe5 1-0

[Event "Barbera del Valles op 40th"]
[Site "Barbera del Valles"]
[Date "2017.07.12"]
[Round "9"]
[White "Abhishek, Das"]
[Black "Deshmukh, Anup"]
[Result "1/2-1/2"]
[WhiteElo "2274"]
[BlackElo "2241"]
[PlyCount "32"]
[EventDate "2017.07.04"]
[EventType "swiss"]
[EventRounds "9"]
[EventCountry "ESP"]
[SourceTitle "EXT 2018"]
[Source "ChessBase"]
[SourceDate "2017.10.13"]
[SourceVersion "1"]
[SourceVersionDate "2017.10.13"]
[SourceQuality "1"]

1. e4 d6 2. d4 g6 3. Nc3 Bg7 4. Nf3 Nf6 5. Be2 0-0 6. 0-0 a6 7. a4 Nc6 8. h3 e5 9. dxe5 dxe5 10. b3 Qxd1 11. Rxd1 Nd4 12. Nxd4 exd4 13. Rxd4 Nxe4 14. Rxe4 Bxc3 15. Ra2 Be6 16. Bb2 Bxb2 1/2-1/2

[Event "Barbera del Valles op 40th"]
[Site "Barbera del Valles"]
[Date "2017.07.07"]
[Round "4"]
[White "Ojas, Kulkarni"]
[Black "Abhishek, Das"]
[Result "0-1"]
[WhiteElo "2351"]
[BlackElo "2274"]
[PlyCount "80"]
[EventDate "2017.07.04"]
[EventType "swiss"]
[EventRounds "9"]
[EventCountry "ESP"]
[SourceTitle "EXT 2018"]
[Source "ChessBase"]
[SourceDate "2017.10.13"]
[SourceVersion "1"]
[SourceVersionDate "2017.10.13"]
[SourceQuality "1"]

1. c4 e6 2. Nf3 d5 3. g3 Nf6 4. Bg2 Be7 5. 0-0 0-0 6. b3 c5 7. Bb2 Nc6 8. e3 b6 9. Qe2 Bb7 10. Rd1 Qc7 11. Nc3 Rad8 12. Rac1 dxc4 13. bxc4 Rfe8 14. d3 Qb8 15. Ne1 Rd7 16. f4 Red8 17. Rd2 Nb4 18. Rcd1 Qa8 19. a3 Nc6 20. Ne4 Nxe4 21. Bxe4 Na5 22. Bxb7 Qxb7 23. Bc3 Nc6 24. Qf3 Bf8 25. h4 Ne7 26. Qxb7 Rxb7 27. Rb1 Nc6 28. Kf2 Be7 29. Nf3 f6 30. Ke2 h5 31. Rdb2 Rbd7 32. Rd2 Kf7 33. a4 Rc8 34. a5 bxa5 35. Ra1 Bd8 36. d4 cxd4 37. exd4 Ne7 38. c5 Nf5 39. Kf2 Nd6 40. Rda2 Ne4+ 0-1

[Event "Barbera del Valles op 40th"]
[Site "Barbera del Valles"]
[Date "2017.07.05"]
[Round "2"]
[White "Cori Tello, Deysi Estella"]
[Black "Abhishek, Das"]
[Result "1/2-1/2"]
[WhiteElo "2413"]
[BlackElo "2274"]
[PlyCount "138"]
[EventDate "2017.07.04"]
[EventType "swiss"]
[EventRounds "9"]
[EventCountry "ESP"]
[SourceTitle "EXT 2018"]
[Source "ChessBase"]
[SourceDate "2017.10.13"]
[SourceVersion "1"]
[SourceVersionDate "2017.10.13"]
[SourceQuality "1"]

1. d4 d5 2. c4 e6 3. Nc3 c5 4. cxd5 exd5 5. Nf3 Nc6 6. g3 Nf6 7. Bg2 Be7 8. 0-0 0-0 9. dxc5 Bxc5 10. Bg5 d4 11. Bxf6 Qxf6 12. Ne4 Qe7 13. Nxc5 Qxc5 14. Rc1 Qb6 15. Qd2 Be6 16. Ng5 Bf5 17. Ne4 Rad8 18. Nc5 Bc8 19. a3 Rfe8 20. b4 a5 21. bxa5 Qxa5 22. Qb2 Qa7 23. Rfd1 h6 24. Bxc6 bxc6 25. Rxd4 Rxd4 26. Qxd4 Bh3 27. Ne6 Qxd4 28. Nxd4 Ra8 29. Rxc6 Rxa3 30. f3 Ra1+ 31. Kf2 h5 32. Rc5 g6 33. f4 Rf1+ 34. Ke3 Rh1 35. f5 Bxf5 36. Nxf5 gxf5 37. h4 Rf1 38. Rc4 Kg7 39. Rf4 Rg1 40. Kf2 Ra1 41. Rxf5 Kg6 42. Rg5+ Kh6 43. Kf3 f6 44. Rf5 Kg6 45. Rf4 Ra3+ 46. e3 Ra1 47. Rd4 Rf1+ 48. Ke2 Rh1 49. Rd5 Ra1 50. Kf2 Rb1 51. Kf3 Rf1+ 52. Kg2 Re1 53. Kf2 Rb1 54. e4 Rb3 55. e5 fxe5 56. Rxe5 Ra3 57. Rg5+ Kh6 58. Re5 Kg6 59. Re3 Rxe3 60. Kxe3 Kf5 61. Kf2 Kg4 62. Kg2 Kf5 63. Kh3 Ke5 64. Kh2 Kf5 65. Kg2 Kg4 66. Kf2 Kf5 67. Kf3 Ke5 68. g4 hxg4+ 69. Kxg4 Kf6 1/2-1/2

[Event "Mumbai Wealth op"]
[Site "Mumbai"]
[Date "2016.02.02"]
[Round "6"]
[White "Abhishek, Das"]
[Black "Dahale, Atul"]
[Result "1-0"]
[WhiteElo "2210"]
[BlackElo "2088"]
[PlyCount "65"]
[EventDate "2016.01.28"]
[EventType "swiss"]
[EventRounds "9"]
[EventCountry "IND"]
[SourceTitle "CBM 170 Extra"]
[Source "ChessBase"]
[SourceDate "2016.02.25"]
[SourceVersion "1"]
[SourceVersionDate "2016.02.25"]
[SourceQuality "1"]

1. e4 c5 2. Nc3 a6 3. f4 e6 4. Qe2 Be7 5. g3 d5 6. Bg2 Nf6 7. d3 Nc6 8. Nf3 d4 9. Nd1 h5 10. c4 Qc7 11. 0-0 b6 12. Bd2 Bb7 13. h3 e5 14. fxe5 Nd7 15. e6 fxe6 16. Bf4 Nde5 17. Nxe5 Nxe5 18. h4 Bd6 19. Nf2 0-0-0 20. Nh3 Ng6 21. e5 Be7 22. Be4 Nf8 23. Bg5 Rd7 24. Rf2 Bxe4 25. Qxe4 Qb7 26. Qe2 Ng6 27. Raf1 Kb8 28. Rf7 Qc7 29. Qe4 Bxg5 30. Nxg5 Nxe5 31. Rf8+ Rd8 32. Rxd8+ Rxd8 33. Nxe6 1-0